Central Library OPAC University of Rajshahi

Economic analysis for business decisions / (Record no. 15191)

MARC details
000 -LEADER
fixed length control field 00843nam a22002532a 4500
001 - CONTROL NUMBER
control field 15191
003 - CONTROL NUMBER IDENTIFIER
rucl marc code BD-RjUL
005 - DATE AND TIME OF LATEST TRANSACTION
control field 20211208235751.0
008 - FIXED-LENGTH DATA ELEMENTS--GENERAL INFORMATION
fixed length control field 140209s1961 nyua 000 0 eng d
035 ## - SYSTEM CONTROL NUMBER
System control number (BD-RjUL)15245
-- OCLC ocm00633627 from D960416M
040 ## - CATALOGING SOURCE
Original cataloging agency DLC
Transcribing agency CWR
Modifying agency SER
-- UKM
-- EQO
-- BD-RjUL
Language of cataloging eng
041 ## - LANGUAGE CODE
Language code of text/sound track or separate title eng
082 00 - DEWEY DECIMAL CLASSIFICATION NUMBER
Classification number 658.018
Author mark and year MAE 1961
100 1# - MAIN ENTRY--PERSONAL NAME
Personal name Manne, Alan Sussmann.
9 (RLIN) 13397
245 10 - TITLE STATEMENT
Title Economic analysis for business decisions /
Statement of responsibility, etc. Alan Sussmann Manne.
260 ## - PUBLICATION, DISTRIBUTION, ETC. (IMPRINT)
Place of publication, distribution, etc. New York ;
-- London :
Name of publisher, distributor, etc. McGraw-Hill,
Date of publication, distribution, etc. 1961.
300 ## - PHYSICAL DESCRIPTION
Pagination x, 177 p. :
Illustrations ill. ;
Size 23 cm.
504 ## - BIBLIOGRAPHY, ETC. NOTE
Bibliography, etc Includes bibliographical references and index.
650 #0 - SUBJECT ADDED ENTRY--TOPICAL TERM
Topical term or geographic name as entry element Industrial management
General subdivision Mathematical models.
9 (RLIN) 8119
Topical term or geographic name as entry element Decision making
General subdivision Mathematical models.
9 (RLIN) 47260
942 ## - ADDED ENTRY ELEMENTS (KOHA)
Source of classification or shelving scheme Dewey Decimal Classification
Koha item type Books
Holdings
Lost status Source of classification or shelving scheme Damaged status Not for loan Collection code Permanent Location Current Location Shelving location Date acquired Source of acquisition Cost, normal purchase price Total Checkouts Full call number Date last seen Copy number Koha item type
  Dewey Decimal Classification   Not For Loan Non-fiction Central Library, University of Rajshahi Central Library, University of Rajshahi Reading Room 30/10/1965 Zeitlinger 60.00   658.018 MAE 1961 09/02/2014 C-1 Books
  Dewey Decimal Classification     Non-fiction Central Library, University of Rajshahi Central Library, University of Rajshahi   30/10/1965 Zeitlinger 60.00   658.018 MAE 1961 24/04/2019 C-2 Books